Date décolonisation des pays Africains (prises d'indépendance) - Statistiques

Statistiques générales
  • Ce quiz a été pris 75 fois
  • Le résultat moyen est 36 sur 46
Statistiques - réponses
Hint Réponse % Correct
Burundi 1962
90%
Rwanda 1962
90%
Algérie 1962
90%
Ouganda 1962
90%
Cameroun 1960
88%
Sénégal 1960
88%
Togo 1960
88%
Madagascar 1960
88%
RDC (Congo) 1960
88%
Somalie 1960
88%
Bénin 1960
88%
Niger 1960
88%
Burkina Faso 1960
88%
Côte d'Ivoire 1960
88%
Tchad 1960
88%
République centrafricaine 1960
88%
Congo 1960
88%
Gabon 1960
88%
Mali 1960
88%
Nigeria 1960
88%
Mauritanie 1960
88%
Soudan 1956
87%
Angola 1975
81%
Mozambique 1975
81%
Cap-Vert 1975
81%
São Tomé-et-Principe 1975
81%
Sierra Leone 1961
76%
Tanzanie 1961
76%
Kenya 1963
76%
Malawi 1964
76%
Zambie 1964
76%
Gambie 1965
76%
Maurice 1968
75%
Guinée équatoriale 1968
75%
Eswatini 1968
75%
Botswana 1966
72%
Lesotho 1966
72%
Zimbabwe 1980
69%
Namibie 1980
69%
Libye 1951
67%
Djibouti 1977
67%
Érythréens 1993
67%
Égypte 1922
63%
Éthiopie 1941
54%
Afrique du Sud 1910
51%
Libéria 1847
27%
Aucun quiz correspondant
Distribution des résultats
% des personnes avec chaque résultat
Percentile par nombre de réponses
Votre historique - résultats
Vous n’avez pas pris ce quiz